| 000 | 01815ncm0a2200349 4500 | ||
|---|---|---|---|
| 001 | RU\NLR\ONIZ\212176 | ||
| 005 | 20250624195650.0 | ||
| 021 |
_aRU _b10-352н _910-28н |
||
| 035 | _aRU\NLR\ONIZ\Таня\5000002439\20150623142131 | ||
| 035 | _a(NLR Aleph) 010891708 | ||
| 090 |
_a10557589 _c10557589 |
||
| 100 | _a20150623d2010 |||y0rusy50 ca | ||
| 101 | 0 | _arus | |
| 102 | _aRU | ||
| 125 | _azx | ||
| 128 | _armz | ||
| 145 | 0 | _ac | |
| 200 | 1 |
_aРусские романсы. XIX век _bНоты _eдля сред. голоса в сопровожд. фп. _hТетр. 1 _fавт.-сост. Н. И. Прохорова |
|
| 210 |
_aСанкт-Петербург _cСоюз художников _d2010 |
||
| 215 |
_a47, [1] c. _d29 см |
||
| 313 | _aСистематизация документа проведена по изданию - Методика классифицирования музыкальных произведений (нотных изданий) по таблицам Библиотечно-библиографических классификаций : метод. рекомендации / Гос. б-ка СССР им. В.И. Ленина.- М., 1977. Индексу ББК методических рекомендаций присваивается код ББК для научных библиотек - LBC/SL | ||
| 686 |
_aЩ943.4-42-043.3(28)я43 _vLBC/SL _2rubbk |
||
| 701 | 1 |
_9z02790 _aПрохорова _bН. И. _gНаталия Ивановна _4070 _4220 |
|
| 790 | 1 |
_9z02701 _aProhorova _bN. I. _gNataliya Ivanovna _4070 _4220 |
|
| 801 | 0 |
_aRU _bNLR _c20150623 _gPSBO |
|
| 801 | 1 |
_aRU _bNLR _c20150623 _2rusmarc |
|
| 801 | 2 |
_aRU _bNLR _c20190630 |
|
| 852 |
_aNLR _bМ _jК-3/27340(1) _pМОЭ 2010-28н/352н _t1 |
||
| 942 | _cSCORE | ||
| 980 | _aNB | ||
| 980 | _aONIZ | ||